Представление документа в формате RUSMARC

ПолеНазваниеЗначение
  Тип записи a
  Библиографический уровень m
001 Контрольный номер RU/CBS_UL/BASE/17a30f8041e840798b38b45fc8547783
005 Дата корректировки 20260119084639.0
010 Индекс ISBN __
d Цена 35 к.
9 Тираж 150 000 экз.
a ISBN 5-09-000796-9
100 Данные общей обработки __
a Данные общей обработки 20260119d 0rusy0189## ca
101 Язык документа 0_
a Язык текста rus
102 Страна публикации __
a Страна публикации RU
200 Заглавие и сведения об ответственности 1_
a Заглавие Как воспитать волю и характер
f Первые сведения об ответственности Л. Рувинский, С. И. Хохлов
205 Сведения об издании __
a Основные сведения об издании 2-е изд., перераб. и доп.
210 Выходные данные 1_
a Место издания Москва
c Издательство Просвещение
d Дата издания 1988
215 Физическое описание __
a Объем 160 с.
d Формат 20 см.
300 Общие примечания __
a Общие примечания 16+
300 Общие примечания __
a Общие примечания Под инв. номером 27967: 6-1, 19-1, 21-1
606 Тематические рубрики 0_
a Основная рубрика Самовоспитание
610 Ключевые слова 0_
a Ключевые слова самовоспитание; воспитание воли; воспитание характера; книги для учащихся
686 Индексы других классификаций __
2 Код системы rubbk
a Классификационный индекс 74.200.53
700 Автор _1
a Фамилия Рувинский
b Имя (инициалы) Л.
g Полное личное имя Леонид
701 Альтернативная интеллектуальная ответственность _1
a Фамилия Хохлов
b Имя (инициалы) С. И.
801 Источник записи _0
a Страна RU
b Организация МБУК ЦБС г. Ульяновска
c Дата составления 20260119
g Правила каталогизации RCR
801 Источник записи _1
a Страна RU
b Организация МБУК ЦБС г. Ульяновска
c Дата составления 20260119
g Правила каталогизации RCR
852 Данные о местонахождении __
i Авторский знак Р 82
j Шифр хранения 74.200
901 Тип документа __
t Тип документа m
909 Создатель записи __
a Создатель записи obr4
b Дата создания записи 20260119